V región de Valparaíso
Sparad:
| Institutionell upphovsman: | |
|---|---|
| Materialtyp: | Bok |
| Språk: | spanska |
| Publicerad: |
Santiago
FOSIS
1993
|
| Ämnen: | |
| Taggar: |
Lägg till en tagg
Inga taggar, Lägg till första taggen!
|
MARC
| LEADER | 00000nam a2200000 a 4500 | ||
|---|---|---|---|
| 001 | UCP9357 | ||
| 003 | CL-VaPUC | ||
| 008 | 000324e19930000CL |||||||||||||||||spa|d | ||
| 082 | 0 | 4 | |a 361.983 |b FOS |2 21 |
| 110 | 2 | |a FOSIS |e author |9 439874 | |
| 245 | 1 | 0 | |a V región de Valparaíso |
| 300 | |a 72 p | ||
| 942 | |c BK | ||
| 945 | |d 20000324 00:00:00 |a crobeson | ||
| 260 | |a Santiago |b FOSIS |c 1993 | ||
| 650 | 7 | |a BIENESTAR PUBLICO |2 CL-VaPUC |9 323093 | |
| 650 | 0 | |a Seguridad social |9 255322 | |
| 651 | 0 | |a Región 05 |9 267528 | |
| 583 | |a last modification |c 20000324 00:00:00 |k Rodrigo Vera | ||
| 999 | |c 286179 |d 286177 | ||
| 952 | |0 0 |1 0 |4 0 |6 361_983000000000000_FOS_1993 |7 0 |8 X |9 331666 |a BIBHIS |b BIBHIS |d 2019-11-20 |i 1397699 |o 361.983 FOS 1993 |p 1397699 |r 2024-01-30 |w 2019-11-20 |y BK_X |k HIS | ||